1606 1050 1771 1045 1523 1840 1185 1650 1933 1476 1161 1381 1120 1350 1005 1533 1602 1466 1692 1476 1329 1511 1372 1262 1557 1589 1599 1975 1677 1734 1548 1294 1849 1522 1271 1756 1314 1115 1428 1992 1115 1703 1551 1435 1001 1911 1435 1701 1966 1824 1221 1838 1847 1222 1330 1258 1796 1161 1639 1575 1765 1190 1690 1483 1114 1893 1887 1872 1683 1007 1309 1458 1227 1451 1216 1506 1511 1180 1588 1857 1971 1037 1479 1590 1003 1174 1864 1417 1252 1957 1894 1449 1159 1606 1293 1449 1212 1120 1396 BCNSPRNW ULIB Ver.6.0+V

เปลี่ยนเป็นภาษาไทย

Change to English
 แสดงรายละเอียดบรรณานุกรม
  กลับหน้าหลัก

Brief Record : Get Marc (ISO 2709) : E-mail record : QR code < ปิดหน้าต่าง
LEADER : 00000nam 2200000uu 4500
001    13399120649
003     ULIB
008    121002s2548||||th 000 0 tha d
020    ^a9789746457576
050 04 ^aBF576^bม719ท ล.1
110 2  ^aมหาวิทยาลัยสุโขทัยธรรมาธิราช.^bสาขาวิชาศิลปศาสตร์
245 10 ^aทักษะชีวิต หน่วยที่ 1-7=^bLife skills /^cสาขาวิชาศิลปศาสตร์มหาวิทยาลัยสุโขทัยธรรมาธิราช
246 31 ^aLife skills
250    ^aพิมพ์ครั้งที่ 5
260    ^aนนทบุรี :^bมหาวิทยาลัยสุโขทัยธรรมาธิราช,^c2548
300    ^a2 เล่ม :^bภาพประกอบ, ตาราง
440  0 ^aเอกสารการสอนชุดวิชา ;^v10103
504    ^aมีบรรณานุกรมประกอบ
505 0  ^aล.2^tหน่วยที่ 1-7
650  7 ^aจิตวิทยาประยุกต์
650  7 ^aความสำเร็จ
650  7 ^aการดำเนินชีวิต
945    ^p0^l0^i24423
995    ^aวิภา
999 ^a ใช้งานได้ทุกระบบ
รายการนี้ยังไม่มีแท็ก
คุณยังไม่ได้ล็อกอิน คุณสามารถมีกิจกรรมร่วมกับเว็บไซต์ได้ แต่ต้องล็อกอินก่อน ::
  ล็อกอิน

รายการสื่อสารสนเทศ

ลำดับที่ ประเภท เลขเรียก/บาร์โค้ด สถานที่ สถานะ
1. วิทยาศาสตร์การแพทย์ และสุขภาพ
วิทยาศาสตร์การแพทย์ และสุขภาพ
BF576 ม719ท ล.1  
  Barcode: 24423
ห้องสมุดวิทยาเขตสวรรค์ประชารักษ์
►หนังสือทั่วไป
บนชั้น

รายการใกล้เคียง
    หัวเรื่อง [จิตวิทยาประยุกต์]
    หัวเรื่อง [ความสำเร็จ]
    หัวเรื่อง [การดำเนินชีวิต]

BibComment


ยังไม่เคยถูกคอมเมนท์

คอมเมนท์ทรัพยากรรายการนี้
  คอมเมนท์: ทักษะชีวิต หน่วย..


 Copyright 2026. Bcnsprnw @Library